=LDR 00000nam 2200000 4500 =001 INLIS000000000016611 =005 20130612111900 =008 ***********************************Ind** =035 ##$$0010-061300000016611 =041 ##$$a Ind =082 ##$$a 028.5 =090 ##$$a 028.5, War a =100 ##$$a Wardhana, Eka =245 ##$$a Aku bisa pakai baju sendiri, Eka Wardhana =260 ##$$a 2003 $b Bandung =300 ##$$a 23 hlm, ilus, 17 cm =650 ##$$a bacaan anak-anak =850 ##$$a NBPNMAT =990 ##$$a 16471647 =990 ##$$a 1038900